[Event "Ostrava Konik op-A"]
[Site "Ostrava"]
[Date "2019.04.27"]
[Round "1"]
[White "Ruzicka, Petr"]
[Black "Trybus, Daniel"]
[Result "1-0"]
[WhiteElo "2202"]
[BlackElo "1998"]
[PlyCount "101"]
[EventDate "2019.04.27"]
[EventType "swiss"]
[EventRounds "9"]
[EventCountry "CZE"]
[SourceTitle "CBM 190 Extra"]
[Source "ChessBase"]
[SourceDate "2019.07.15"]
[SourceVersion "1"]
[SourceVersionDate "2019.07.15"]
[SourceQuality "1"]

1. Nf3 Nf6 2. g3 g6 3. Bg2 Bg7 4. 0-0 0-0 5. c4 d6 6. Nc3 e5 7. d3 Qe7 8. Rb1 c6 9. b4 d5 10. e4 Rd8 11. Qe2 dxc4 12. dxc4 Na6 13. a3 Nc7 14. Be3 a5 15. Bc5 Qe8 16. Bb6 axb4 17. Bxc7 Rd7 18. Bxe5 bxc3 19. Bxc3 Rxa3 20. Qb2 Rxc3 21. Qxc3 Nxe4 22. Qe3 Re7 23. Qa3 Nc3 24. Rfe1 Ne2+ 25. Kf1 Bf5 26. Rbd1 Be6 27. Qd3 b5 28. cxb5 cxb5 29. Nd2 Nc3 30. Ra1 Rd7 31. Qc2 Rd8 32. Ra6 b4 33. Raxe6 fxe6 34. Bh3 Qb5+ 35. Kg1 Ne2+ 36. Kg2 e5 37. Nf3 Nd4 38. Qe4 Qc6 39. Qxc6 Nxc6 40. Be6+ Kf8 41. Ng5 h6 42. Ne4 Rb8 43. Bd5 Nd4 44. Ra1 b3 45. Ra7 Nf5 46. Nc5 b2 47. Nd7+ Ke8 48. Bf7+ Kd8 49. Nxb8 Kc8 50. Nc6 Nd4 51. Bxg6 1-0

[Event "CZE-chT2F 1819"]
[Site "Czech Republic"]
[Date "2018.12.16"]
[Round "5.3"]
[White "Ruzicka, Petr"]
[Black "Vysoglad, Petr"]
[Result "1-0"]
[WhiteElo "2201"]
[BlackElo "2040"]
[PlyCount "99"]
[EventDate "2018.10.14"]
[EventType "team-tourn"]
[EventRounds "11"]
[EventCountry "CZE"]
[SourceTitle "EXT 2022"]
[Source "ChessBase"]
[SourceDate "2021.10.06"]
[SourceVersion "1"]
[SourceVersionDate "2021.10.06"]
[SourceQuality "1"]
[WhiteTeam "Karvina"]
[BlackTeam "Dobra"]
[WhiteTeamCountry "CZE"]
[BlackTeamCountry "CZE"]

1. Nf3 f5 2. g3 Nf6 3. Bg2 d6 4. d4 g6 5. b3 Bg7 6. Bb2 0-0 7. Nbd2 c6 8. a4 a5 9. 0-0 Na6 10. Nc4 Ne4 11. Nfd2 Be6 12. Nxe4 fxe4 13. Qd2 d5 14. Ne5 Qc7 15. f4 exf3 16. exf3 Kh8 17. Rae1 Bg8 18. Kh1 Rad8 19. Re2 c5 20. Rfe1 e6 21. dxc5 Nxc5 22. Bd4 b6 23. Qc3 Rc8 24. Qe3 Qe7 25. h4 Rc7 26. Bh3 Re8 27. Bg4 Qf6 28. h5 gxh5 29. Bxh5 Qf8 30. Qh6 Bf7 31. Bxf7 Rxf7 32. Nxf7+ Qxf7 33. Bxg7+ Qxg7 34. Qxg7+ Kxg7 35. Kg2 Rf8 36. Rh1 Rf6 37. Rh4 Na6 38. Rd2 h6 39. Rd3 Kf7 40. Rc3 Nc5 41. Re3 Nd7 42. Rd4 h5 43. c4 Rf5 44. g4 hxg4 45. fxg4 Rg5 46. cxd5 exd5 47. Rf4+ Nf6 48. Ref3 Rg6 49. Kf2 Ke6 50. Rxf6+ 1-0

[Event "CZE-chT1E 1718"]
[Site "Czech Republic"]
[Date "2018.04.15"]
[Round "11.2"]
[White "Goluch, Piotr"]
[Black "Ruzicka, Petr"]
[Result "1-0"]
[WhiteElo "2248"]
[BlackElo "2211"]
[PlyCount "57"]
[EventDate "2017.10.22"]
[EventType "team-tourn"]
[EventRounds "11"]
[EventCountry "CZE"]
[SourceTitle "EXT 2019"]
[Source "ChessBase"]
[SourceDate "2018.10.10"]
[SourceVersion "1"]
[SourceVersionDate "2018.10.10"]
[SourceQuality "1"]
[WhiteTeam "Rychnov nad Kneznou"]
[BlackTeam "Ostrava"]
[WhiteTeamCountry "CZE"]
[BlackTeamCountry "CZE"]

1. e4 c5 2. c3 g6 3. d4 Bg7 4. dxc5 Na6 5. Be3 Qc7 6. Bxa6 bxa6 7. Bd4 Nf6 8. Nd2 0-0 9. Ne2 e5 10. Be3 Ng4 11. Nc4 Nxe3 12. Nxe3 Bb7 13. Ng3 Qxc5 14. Qxd7 Bc6 15. Qd3 Rfd8 16. Qc4 Qb6 17. Qb3 Qc5 18. 0-0 h5 19. Qc2 h4 20. Ne2 h3 21. Rfd1 hxg2 22. Ng3 Bh6 23. b4 Qe7 24. Nd5 Qh4 25. c4 Rac8 26. Qd3 Bf4 27. Qf3 Bd7 28. c5 Bg4 29. Qxg4 1-0

[Event "CZE-chT1E 1718"]
[Site "Czech Republic"]
[Date "2018.02.18"]
[Round "8.4"]
[White "Ruzicka, Petr"]
[Black "Pastircak, Milan"]
[Result "1-0"]
[WhiteElo "2211"]
[BlackElo "2329"]
[PlyCount "31"]
[EventDate "2017.10.22"]
[EventType "team-tourn"]
[EventRounds "11"]
[EventCountry "CZE"]
[SourceTitle "EXT 2019"]
[Source "ChessBase"]
[SourceDate "2018.10.10"]
[SourceVersion "1"]
[SourceVersionDate "2018.10.10"]
[SourceQuality "1"]
[WhiteTeam "Ostrava"]
[BlackTeam "Kromeriz"]
[WhiteTeamCountry "CZE"]
[BlackTeamCountry "CZE"]

1. e4 c5 2. Nf3 e6 3. d4 cxd4 4. Nxd4 Nc6 5. Be3 Nf6 6. Bd3 Qc7 7. Nc3 a6 8. g4 h5 9. Nxc6 Qxc6 10. gxh5 Bb4 11. h6 Nxe4 12. hxg7 Rg8 13. Bxe4 Qxe4 14. Rg1 Qe5 15. Qd4 Bd6 16. Ne4 1-0

[Event "CZE-chT2F 1718"]
[Site "Czech Republic"]
[Date "2017.12.03"]
[Round "4.2"]
[White "Orzechowski, Jacek"]
[Black "Ruzicka, Petr"]
[Result "1/2-1/2"]
[WhiteElo "2110"]
[BlackElo "2211"]
[PlyCount "24"]
[EventDate "2017.10.15"]
[EventType "team-tourn"]
[EventRounds "11"]
[EventCountry "CZE"]
[SourceTitle "EXT 2022"]
[Source "ChessBase"]
[SourceDate "2021.10.06"]
[SourceVersion "1"]
[SourceVersionDate "2021.10.06"]
[SourceQuality "1"]
[WhiteTeam "Benesov Dolni"]
[BlackTeam "Poruba Slavoj II"]
[WhiteTeamCountry "CZE"]
[BlackTeamCountry "CZE"]

1. c4 Nf6 2. Nf3 c6 3. Nc3 d5 4. e3 Bg4 5. cxd5 cxd5 6. Qb3 Bc8 7. Bb5+ Nc6 8. Ne5 Qd6 9. Qa4 Bd7 10. Nxd7 Nxd7 11. d4 e6 12. 0-0 Nb6 1/2-1/2

[Event "CZE-chT1E 1718"]
[Site "Czech Republic"]
[Date "2017.10.22"]
[Round "1.6"]
[White "Ruzicka, Petr"]
[Black "Bazant, Petr Jr"]
[Result "0-1"]
[WhiteElo "2211"]
[BlackElo "2320"]
[PlyCount "80"]
[EventDate "2017.10.22"]
[EventType "team-tourn"]
[EventRounds "11"]
[EventCountry "CZE"]
[SourceTitle "CBM 181 Extra"]
[Source "ChessBase"]
[SourceDate "2017.12.12"]
[SourceVersion "1"]
[SourceVersionDate "2017.12.12"]
[SourceQuality "1"]
[WhiteTeam "Ostrava"]
[BlackTeam "Stare Mesto"]
[WhiteTeamCountry "CZE"]
[BlackTeamCountry "CZE"]

1. Nf3 Nf6 2. c4 e6 3. e3 d5 4. Nc3 Be7 5. Be2 0-0 6. 0-0 c5 7. d4 dxc4 8. dxc5 Bxc5 9. Ne5 a6 10. Bf3 Qc7 11. Nxc4 Nc6 12. Na4 Rd8 13. Qb3 b5 14. Nxc5 bxc4 15. Qa4 Nd5 16. Bd2 Rb8 17. Rad1 Rxb2 18. Nxa6 Qb6 19. Bc1 Rb5 20. e4 Ra5 21. Qc2 Nf6 22. Rxd8+ Qxd8 23. Rd1 Qe7 24. Nb8 Nxb8 25. Qxc4 Bd7 26. Qc7 Rb5 27. Bf4 Ne8 28. Qa7 e5 29. Be3 h6 30. h3 Nf6 31. a4 Nc6 32. Qa8+ Rb8 33. Qa6 Be8 34. Be2 Qb7 35. Qd3 Nb4 36. Qd6 Nc2 37. Bc5 Bxa4 38. Qxe5 Re8 39. Qf4 Qxe4 40. Qxe4 Nxe4 0-1

[Event "CZE-chT2F 1718"]
[Site "Czech Republic"]
[Date "2017.10.15"]
[Round "1.2"]
[White "Ruzicka, Petr"]
[Black "Hladik, Oto"]
[Result "1-0"]
[WhiteElo "2211"]
[BlackElo "2177"]
[PlyCount "69"]
[EventDate "2017.10.15"]
[EventType "team-tourn"]
[EventRounds "11"]
[EventCountry "CZE"]
[SourceTitle "EXT 2022"]
[Source "ChessBase"]
[SourceDate "2021.10.06"]
[SourceVersion "1"]
[SourceVersionDate "2021.10.06"]
[SourceQuality "1"]
[WhiteTeam "Poruba Slavoj II"]
[BlackTeam "Ostrava Labortech II"]
[WhiteTeamCountry "CZE"]
[BlackTeamCountry "CZE"]

1. Nf3 Nf6 2. g3 b5 3. Bg2 Bb7 4. d4 e6 5. Nbd2 c5 6. c3 d5 7. Ne5 Nc6 8. Ndf3 Nd7 9. Nxc6 Bxc6 10. 0-0 Bd6 11. Be3 0-0 12. Qd2 a5 13. Bf4 Be7 14. h4 b4 15. Bh3 Bb5 16. Rab1 Bc4 17. Ra1 Qb6 18. Ng5 Bf6 19. Rfd1 Rfe8 20. h5 Rac8 21. h6 cxd4 22. cxd4 g6 23. Nf3 b3 24. axb3 Bxb3 25. Rdc1 a4 26. Bg5 Bxg5 27. Nxg5 Qd6 28. Rxc8 Rxc8 29. Rc1 Bc4 30. Rc3 Re8 31. e4 f6 32. e5 fxe5 33. dxe5 Nxe5 34. Qf4 Rf8 35. Qd4 1-0

[Event "CZE-chT1E 1617"]
[Site "Czech Republic"]
[Date "2017.03.26"]
[Round "10.1"]
[White "Bazant, Petr1111"]
[Black "Ruzicka, Petr"]
[Result "1/2-1/2"]
[WhiteElo "2259"]
[BlackElo "2214"]
[PlyCount "126"]
[EventDate "2016.10.16"]
[EventType "team-tourn"]
[EventRounds "11"]
[EventCountry "CZE"]
[SourceTitle "CBM 177 Extra"]
[Source "ChessBase"]
[SourceDate "2017.04.27"]
[SourceVersion "1"]
[SourceVersionDate "2017.04.27"]
[SourceQuality "1"]
[WhiteTeam "Stare Mesto"]
[BlackTeam "Ostrava"]
[WhiteTeamCountry "CZE"]
[BlackTeamCountry "CZE"]

1. d4 Nf6 2. c4 c5 3. d5 b5 4. cxb5 a6 5. bxa6 Bxa6 6. Nc3 d6 7. g3 g6 8. Bg2 Bg7 9. Nf3 0-0 10. 0-0 Nbd7 11. Qc2 Qa5 12. Rd1 Rfb8 13. Bd2 Ng4 14. h3 Nge5 15. Nxe5 Nxe5 16. Be1 Nc4 17. b3 Na3 18. Qc1 Nb5 19. Nxb5 Qxb5 20. Bc3 Ra7 21. Bxg7 Kxg7 22. e4 Qb4 23. Qe3 Bc8 24. e5 Ra3 25. exd6 exd6 26. Qe7 Qb6 27. Re1 Rba8 28. Qe2 Qd8 29. Qb2+ Qf6 30. Qxf6+ Kxf6 31. Re8 Bb7 32. Rxa8 Bxa8 33. Kf1 Bb7 34. Ke2 Ba6+ 35. Kd2 c4 36. b4 Bb5 37. Bf1 c3+ 38. Kc2 Ba4+ 39. Kd3 c2+ 40. Kd2 Ke5 41. Bd3 Kxd5 42. Bxc2 Bxc2 43. Kxc2 Kc4 44. Kd2 Kxb4 45. Rb1+ Kc4 46. Rb7 Rxa2+ 47. Ke3 Ra3+ 48. Kf4 Ra2 49. f3 d5 50. Rxf7 Kd3 51. Rxh7 Ra4+ 52. Kg5 Ke3 53. f4 d4 54. Re7+ Kf3 55. g4 d3 56. Rd7 Ke2 57. f5 gxf5 58. gxf5 d2 59. f6 Ra5+ 60. Kg6 Ra3 61. f7 Rg3+ 62. Kf6 Rxh3 63. f8Q Rf3+ 1/2-1/2

[Event "CZE-chT1E 1617"]
[Site "Czech Republic"]
[Date "2017.02.19"]
[Round "8.2"]
[White "Kulovana, Eva"]
[Black "Ruzicka, Petr"]
[Result "1/2-1/2"]
[WhiteElo "2169"]
[BlackElo "2214"]
[PlyCount "24"]
[EventDate "2016.10.16"]
[EventType "team-tourn"]
[EventRounds "11"]
[EventCountry "CZE"]
[SourceTitle "CBM 177 Extra"]
[Source "ChessBase"]
[SourceDate "2017.04.27"]
[SourceVersion "1"]
[SourceVersionDate "2017.04.27"]
[SourceQuality "1"]
[WhiteTeam "Jihlava Gordic"]
[BlackTeam "Ostrava"]
[WhiteTeamCountry "CZE"]
[BlackTeamCountry "CZE"]

1. e4 c5 2. Nf3 Nc6 3. Bb5 g6 4. Bxc6 dxc6 5. d3 Bg7 6. h3 b6 7. Nc3 e5 8. Be3 Ne7 9. Qd2 h6 10. Nh2 Be6 11. Ne2 Qd7 12. a3 f5 1/2-1/2

[Event "CZE-chT1E 1617"]
[Site "Czech Republic"]
[Date "2017.01.22"]
[Round "6.3"]
[White "Ruzicka, Petr"]
[Black "Zatloukal, Petr"]
[Result "1/2-1/2"]
[WhiteElo "2214"]
[BlackElo "2100"]
[PlyCount "157"]
[EventDate "2016.10.16"]
[EventType "team-tourn"]
[EventRounds "11"]
[EventCountry "CZE"]
[SourceTitle "CBM 177 Extra"]
[Source "ChessBase"]
[SourceDate "2017.04.27"]
[SourceVersion "1"]
[SourceVersionDate "2017.04.27"]
[SourceQuality "1"]
[WhiteTeam "Ostrava"]
[BlackTeam "Grygov"]
[WhiteTeamCountry "CZE"]
[BlackTeamCountry "CZE"]

1. Nf3 Nf6 2. g3 g6 3. Bg2 Bg7 4. d3 d6 5. c4 e5 6. Nc3 0-0 7. 0-0 Nc6 8. Rb1 a5 9. a3 Bd7 10. b4 axb4 11. axb4 Qc8 12. b5 Nd8 13. Ng5 c6 14. Qb3 Ne6 15. Nxe6 Bxe6 16. Bg5 h6 17. Bd2 Bh3 18. Rfc1 Bxg2 19. Kxg2 Qd7 20. e4 Rfd8 21. Be3 Qe6 22. Bb6 Rd7 23. Na4 Bf8 24. Be3 Rdd8 25. Nb6 Rab8 26. h3 d5 27. Qc2 dxe4 28. dxe4 Nd7 29. Nxd7 Qxd7 30. Rd1 Qe6 31. bxc6 Rxd1 32. c7 Rc8 33. Rxd1 Rxc7 34. Rd5 Kh7 35. Qd3 b6 36. Qc3 f6 37. Qd3 Bc5 38. Bxc5 bxc5 39. Rd6 Qf7 40. Rd5 Kg7 41. Qe3 Qe7 42. Qd2 Qf7 43. Qd3 Qe6 44. Rd8 Kf7 45. Rd6 Qe7 46. Qd5+ Kg7 47. Rd8 Qf7 48. Qd6 h5 49. h4 Qe7 50. Qxe7+ Rxe7 51. Rc8 Rd7 52. Rxc5 Rd3 53. Rc7+ Kf8 54. Kf1 Rd4 55. f3 Rd2 56. c5 Rc2 57. c6 Kg8 58. Rc8+ Kg7 59. c7 Rc1+ 60. Ke2 Rc2+ 61. Kd3 Rc6 62. f4 Rc1 63. f5 gxf5 64. exf5 Rc6 65. Ke4 Rc5 66. g4 hxg4 67. h5 g3 68. Kf3 Rc3+ 69. Kg2 Kh7 70. Rf8 Rxc7 71. Rxf6 Rc3 72. Re6 Kg7 73. Rg6+ Kh7 74. Rxg3 Rc2+ 75. Kf3 Rc4 76. Rg4 Rc3+ 77. Ke2 Kh6 78. f6 Rc8 79. Ke3 1/2-1/2

[Event "CZE-chT1E 1617"]
[Site "Czech Republic"]
[Date "2016.10.16"]
[Round "1.2"]
[White "Holemar, David"]
[Black "Ruzicka, Petr"]
[Result "1/2-1/2"]
[WhiteElo "2280"]
[BlackElo "2214"]
[PlyCount "91"]
[EventDate "2016.10.16"]
[EventType "team-tourn"]
[EventRounds "11"]
[EventCountry "CZE"]
[SourceTitle "CBM 175 Extra"]
[Source "ChessBase"]
[SourceDate "2016.12.12"]
[SourceVersion "1"]
[SourceVersionDate "2016.12.12"]
[SourceQuality "1"]
[WhiteTeam "Brno Moravska Slavia"]
[BlackTeam "Ostrava"]
[WhiteTeamCountry "CZE"]
[BlackTeamCountry "CZE"]

1. Nf3 Nf6 2. g3 d5 3. Bg2 Nbd7 4. d4 e6 5. 0-0 Be7 6. c4 0-0 7. Qc2 a6 8. cxd5 exd5 9. Bf4 c6 10. Nc3 Re8 11. Rab1 Nb6 12. Ne5 Be6 13. Rbd1 Qc8 14. Rfe1 Bb4 15. Nd3 Bf5 16. Qb3 Bxc3 17. Qxc3 Nc4 18. b3 Ne4 19. Qc1 Nb6 20. f3 Nf6 21. Nf2 Nbd7 22. e4 dxe4 23. fxe4 Bg6 24. e5 Nd5 25. Ne4 Bxe4 26. Bxe4 Nf8 27. Bxd5 cxd5 28. Qxc8 Rexc8 29. Rc1 Ne6 30. Be3 Kf8 31. Kf2 Ke8 32. Ke2 Kd7 33. Kd3 Rxc1 34. Rxc1 Rc8 35. Rf1 Ke8 36. Bd2 Rc6 37. Rf5 Rc8 38. Rf1 Rc6 39. Rf5 Rc8 40. Rh5 h6 41. g4 Rc6 42. Rf5 Nd8 43. Ba5 Ne6 44. Bd2 Nd8 45. Ba5 Ne6 46. Bd2 1/2-1/2

[Event "CZE-chT1E 1516"]
[Site "Czech Republic"]
[Date "2015.11.15"]
[Round "3.5"]
[White "Ruzicka, Petr"]
[Black "Tikovsky, Alexander"]
[Result "1/2-1/2"]
[WhiteElo "2252"]
[BlackElo "2180"]
[PlyCount "57"]
[EventDate "2015.10.11"]
[EventType "team-tourn"]
[EventRounds "11"]
[EventCountry "CZE"]
[SourceTitle "CBM 169 Extra"]
[Source "ChessBase"]
[SourceDate "2015.12.18"]
[SourceVersion "1"]
[SourceVersionDate "2015.12.18"]
[SourceQuality "1"]
[WhiteTeam "Ostrava"]
[BlackTeam "Brno Moravska Slavia"]
[WhiteTeamCountry "CZE"]
[BlackTeamCountry "CZE"]

1. e4 g6 2. d4 Bg7 3. Be3 d5 4. f3 dxe4 5. fxe4 e5 6. Nf3 exd4 7. Bxd4 Nf6 8. Nc3 0-0 9. Bc4 Qe7 10. 0-0 Nc6 11. e5 Nxd4 12. Qxd4 Ng4 13. Nd5 Qd8 14. h3 c6 15. hxg4 cxd5 16. Bxd5 Bxg4 17. Bxf7+ Rxf7 18. Qxg4 Qb6+ 19. Kh1 Rf5 20. Ng5 Raf8 21. Qc4+ Kh8 22. Rxf5 gxf5 23. Nf7+ Rxf7 24. Qxf7 Qh6+ 25. Kg1 Qe3+ 26. Kh1 Qh6+ 27. Kg1 Qe3+ 28. Kf1 Qf4+ 29. Kg1 1/2-1/2

[Event "Tatry op"]
[Site "Tatranske Zruby"]
[Date "2012.09.30"]
[Round "9"]
[White "Ruzicka, Petr"]
[Black "Bakalar, Jan"]
[Result "1/2-1/2"]
[WhiteElo "2275"]
[BlackElo "2027"]
[PlyCount "20"]
[EventDate "2012.09.23"]
[EventType "swiss"]
[EventRounds "9"]
[EventCountry "SVK"]
[SourceTitle "CBM 150 Extra"]
[Source "ChessBase"]
[SourceDate "2012.10.19"]
[SourceVersion "1"]
[SourceVersionDate "2012.10.19"]
[SourceQuality "1"]

1. d4 Nf6 2. c4 e6 3. Nf3 Bb4+ 4. Nbd2 0-0 5. e3 Re8 6. Qc2 b6 7. Bd3 d5 8. a3 dxc4 9. Bxc4 Bf8 10. 0-0 Bb7 1/2-1/2

[Event "Tatry op"]
[Site "Tatranske Zruby"]
[Date "2012.09.27"]
[Round "6"]
[White "Harvan, Richard"]
[Black "Ruzicka, Petr"]
[Result "1/2-1/2"]
[WhiteElo "2030"]
[BlackElo "2275"]
[PlyCount "132"]
[EventDate "2012.09.23"]
[EventType "swiss"]
[EventRounds "9"]
[EventCountry "SVK"]
[SourceTitle "CBM 150 Extra"]
[Source "ChessBase"]
[SourceDate "2012.10.19"]
[SourceVersion "1"]
[SourceVersionDate "2012.10.19"]
[SourceQuality "1"]

1. e4 c6 2. d4 g6 3. c4 Bg7 4. Nc3 d6 5. Be3 Nf6 6. f3 0-0 7. Bd3 a6 8. a4 Nbd7 9. Nge2 e5 10. d5 a5 11. Qd2 Nc5 12. Rd1 Ne8 13. 0-0 Nb3 14. Qe1 Nd4 15. Bb1 c5 16. Nb5 Bd7 17. Nexd4 exd4 18. Bc1 Bxb5 19. axb5 Nf6 20. Bg5 h6 21. Bxf6 Qxf6 22. f4 b6 23. Bd3 Rae8 24. Qg3 Qe7 25. Rde1 Bf6 26. Qh3 Kg7 27. b3 h5 28. g3 Rh8 29. Re2 h4 30. g4 g5 31. f5 Be5 32. Qf3 f6 33. h3 Bf4 34. Kg2 Qe5 35. Ra1 Re7 36. Kh1 Kf8 37. Raa2 Be3 38. Kg2 Reh7 39. Ra1 Ke7 40. Ree1 Bf4 41. Rh1 Ra8 42. Ra4 Bd2 43. Rf1 Bc3 44. Rd1 Rah8 45. Ra2 Rh6 46. Rh1 Kf7 47. Rf1 Ra8 48. Ra4 Ra7 49. Rd1 Rh8 50. Rf1 Bd2 51. Rd1 Be3 52. Re1 Qe8 53. Re2 Re7 54. Ra1 Re5 55. Rxe3 dxe3 56. Qxe3 Qd8 57. Bc2 Rhe8 58. Re1 R8e7 59. Qc3 Qa8 60. Kf3 Kg7 61. Re3 Ra7 62. Qa1 Qe8 63. Qc3 Ra8 64. Re1 Re7 65. Ra1 Rea7 66. Ra4 Qe7 1/2-1/2

[Event "Tatry op"]
[Site "Tatranske Zruby"]
[Date "2012.09.25"]
[Round "3"]
[White "Ruzicka, Petr"]
[Black "Vyskocil, Neklan"]
[Result "0-1"]
[WhiteElo "2275"]
[BlackElo "2368"]
[PlyCount "70"]
[EventDate "2012.09.23"]
[EventType "swiss"]
[EventRounds "9"]
[EventCountry "SVK"]
[SourceTitle "CBM 150 Extra"]
[Source "ChessBase"]
[SourceDate "2012.10.19"]
[SourceVersion "1"]
[SourceVersionDate "2012.10.19"]
[SourceQuality "1"]

1. c4 Nf6 2. Nc3 e5 3. g3 Bb4 4. Qc2 0-0 5. Bg2 d6 6. e3 c6 7. d3 d5 8. Bd2 d4 9. Nd1 Na6 10. e4 Ne8 11. f3 Nd6 12. Nf2 c5 13. Ne2 Qa5 14. Nc1 b5 15. cxb5 Qxb5 16. 0-0 c4 17. f4 Bxd2 18. Qxd2 f6 19. f5 Nc5 20. Re1 Rb8 21. b3 c3 22. Qd1 a5 23. g4 a4 24. g5 fxg5 25. Qh5 Nf7 26. h4 gxh4 27. Qxh4 Qa6 28. bxa4 Qh6 29. Qe7 Qd6 30. Qh4 Qd8 31. Qh5 Qg5 32. Qf3 Bd7 33. Nh3 Qh6 34. Qg3 Bxa4 35. Bf3 Rb2 0-1

[Event "CZE-chT1E 1112"]
[Site "Czech Republic"]
[Date "2012.02.26"]
[Round "9"]
[White "Ruzicka, Petr"]
[Black "Helis, Tadeusz"]
[Result "1/2-1/2"]
[WhiteElo "2264"]
[BlackElo "2222"]
[PlyCount "55"]
[EventDate "2011.10.02"]
[EventType "team-tourn"]
[EventRounds "11"]
[EventCountry "CZE"]
[SourceTitle "EXT 2013"]
[Source "ChessBase"]
[SourceDate "2012.11.22"]
[SourceVersion "1"]
[SourceVersionDate "2012.11.22"]
[SourceQuality "1"]
[WhiteTeam "Grygov II"]
[BlackTeam "Orlova Slavia"]
[WhiteTeamCountry "CZE"]
[BlackTeamCountry "CZE"]

1. Nf3 c5 2. g3 Nc6 3. Bg2 g6 4. d3 Bg7 5. 0-0 d6 6. e4 e6 7. Nbd2 Nge7 8. c3 0-0 9. a4 b6 10. Re1 Ba6 11. Nc4 Rc8 12. Bg5 h6 13. Bf4 e5 14. Bc1 f5 15. Ne3 f4 16. Nd5 g5 17. Bh3 Rb8 18. Be6+ Kh7 19. h4 gxh4 20. Nxh4 Bc8 21. Qg4 Bxe6 22. Qxe6 Nxd5 23. exd5 Rf6 24. Qg4 Ne7 25. c4 Ng6 26. Bd2 Nxh4 27. Qxh4 Rg6 28. Qxd8 1/2-1/2

[Event "CZE-chT1E 1112"]
[Site "Czech Republic"]
[Date "2012.02.12"]
[Round "8"]
[White "Ruzicka, Petr"]
[Black "Kanok, Jaroslav"]
[Result "1/2-1/2"]
[WhiteElo "2264"]
[BlackElo "2192"]
[PlyCount "38"]
[EventDate "2011.10.02"]
[EventType "team-tourn"]
[EventRounds "11"]
[EventCountry "CZE"]
[SourceTitle "EXT 2013"]
[Source "ChessBase"]
[SourceDate "2012.11.22"]
[SourceVersion "1"]
[SourceVersionDate "2012.11.22"]
[SourceQuality "1"]
[WhiteTeam "Grygov II"]
[BlackTeam "Ostrava Labortech II"]
[WhiteTeamCountry "CZE"]
[BlackTeamCountry "CZE"]

1. d4 d5 2. c4 c6 3. Nc3 Nf6 4. Nf3 e6 5. Qc2 Nbd7 6. cxd5 exd5 7. Bg5 Bb4 8. Nd2 h6 9. Bh4 a5 10. e3 Nf8 11. Bd3 Ne6 12. f3 Be7 13. 0-0-0 Bd7 14. Kb1 a4 15. Bf5 Qa5 16. Bxf6 Bxf6 17. g4 g6 18. Bxe6 Bxe6 19. Ne2 0-0-0 1/2-1/2

[Event "CZE-chT 1112"]
[Site "Czech Republic"]
[Date "2012.01.08"]
[Round "6.8"]
[White "Ruzicka, Petr"]
[Black "Pecha, Tomas"]
[Result "1-0"]
[WhiteElo "2264"]
[BlackElo "2239"]
[PlyCount "97"]
[EventDate "2011.10.08"]
[EventType "team-tourn"]
[EventRounds "11"]
[EventCountry "CZE"]
[SourceTitle "EXT 2013"]
[Source "ChessBase"]
[SourceDate "2012.11.22"]
[SourceVersion "1"]
[SourceVersionDate "2012.11.22"]
[SourceQuality "1"]
[WhiteTeam "Grygov"]
[BlackTeam "Frydek Mistek"]
[WhiteTeamCountry "CZE"]
[BlackTeamCountry "CZE"]

1. d4 d5 2. Nf3 Nf6 3. e3 e6 4. c4 Nbd7 5. Nc3 c6 6. Bd3 dxc4 7. Bxc4 b5 8. Bd3 a6 9. 0-0 c5 10. a3 Bb7 11. Qe2 Qb6 12. Rd1 Be7 13. Bc2 cxd4 14. exd4 Nd5 15. Ne4 N7f6 16. Nxf6+ Nxf6 17. Bg5 0-0 18. Ne5 Rfd8 19. Bxf6 Bxf6 20. Bxh7+ Kf8 21. Be4 Bxe4 22. Qxe4 Bxe5 23. dxe5 Rxd1+ 24. Rxd1 Rd8 25. Rxd8+ Qxd8 26. g4 Kg8 27. Kg2 a5 28. h3 g6 29. Qb7 Qd3 30. Qa8+ Kh7 31. Qf3 Qd7 32. h4 b4 33. axb4 axb4 34. Kg3 Kg7 35. h5 Qe7 36. Qf4 g5 37. Qd2 f5 38. exf6+ Kxf6 39. Qd4+ e5 40. Qb6+ Kg7 41. Qg6+ Kh8 42. Kf3 Qb7+ 43. Ke3 Qa7+ 44. Kf3 Qb7+ 45. Qe4 Qf7+ 46. Ke2 Qe7 47. Qg6 e4 48. h6 Qe5 49. Qg7+ 1-0

[Event "CZE-chT1E 1112"]
[Site "Czech Republic"]
[Date "2011.12.11"]
[Round "5"]
[White "Bazant, Petr Sr"]
[Black "Ruzicka, Petr"]
[Result "0-1"]
[WhiteElo "2233"]
[BlackElo "2264"]
[PlyCount "72"]
[EventDate "2011.10.02"]
[EventType "team-tourn"]
[EventRounds "11"]
[EventCountry "CZE"]
[SourceTitle "EXT 2013"]
[Source "ChessBase"]
[SourceDate "2012.11.22"]
[SourceVersion "1"]
[SourceVersionDate "2012.11.22"]
[SourceQuality "1"]
[WhiteTeam "Stare Mesto"]
[BlackTeam "Grygov II"]
[WhiteTeamCountry "CZE"]
[BlackTeamCountry "CZE"]

1. d4 Nf6 2. c4 g6 3. Nc3 Bg7 4. e4 d6 5. f3 Nc6 6. Be3 a6 7. Qd2 0-0 8. Nge2 e5 9. d5 Ne7 10. 0-0-0 Bd7 11. g4 b5 12. Ng3 bxc4 13. h4 Qb8 14. h5 Qb4 15. Qh2 Rfb8 16. Rd2 Rb7 17. hxg6 hxg6 18. g5 Nh5 19. Nxh5 gxh5 20. Qe2 Ng6 21. Qxc4 Qa5 22. a3 Rab8 23. Rc2 Bb5 24. Qa2 Bxf1 25. Rxf1 Rb3 26. Rd1 Nf4 27. Bf2 Bf8 28. Be3 Bg7 29. Bf2 Bf8 30. Be3 Kh7 31. Bxf4 exf4 32. Rh1 Bg7 33. Rxh5+ Kg8 34. Rhh2 Bxc3 35. bxc3 Qc5 36. Rhe2 Rxa3 0-1

[Event "Olomouc IM-B"]
[Site "Olomouc"]
[Date "2011.08.09"]
[Round "7"]
[White "Aripov, Iskandar"]
[Black "Ruzicka, Petr"]
[Result "1/2-1/2"]
[WhiteElo "2123"]
[BlackElo "2271"]
[PlyCount "61"]
[EventDate "2011.08.03"]
[EventType "tourn"]
[EventRounds "9"]
[EventCountry "CZE"]
[EventCategory "1"]
[SourceTitle "CBM 144 Extra"]
[Source "ChessBase"]
[SourceDate "2011.10.28"]
[SourceVersion "1"]
[SourceVersionDate "2011.10.28"]
[SourceQuality "1"]

1. d4 Nf6 2. c4 c5 3. d5 b5 4. cxb5 a6 5. b6 d6 6. Nc3 Nbd7 7. e4 g6 8. h4 Qxb6 9. Be2 h5 10. Nh3 Rb8 11. 0-0 Bg7 12. Rb1 Ng4 13. Bd2 Ndf6 14. Qa4+ Nd7 15. f3 Bd4+ 16. Kh1 Ngf6 17. Nf4 0-0 18. Qc2 Ne5 19. Nd3 Bd7 20. Nxe5 Bxe5 21. Bc4 Bg3 22. Bg5 Nh7 23. Ne2 Be5 24. Be3 Qa5 25. Bd2 Qb6 26. b3 Bb5 27. g3 Bg7 28. Kg2 Qc7 29. Nf4 Qd7 30. Qd3 Rb7 31. Ne2 1/2-1/2